Catálogo
 En Linea

El café /. (Registro nro. 32785)

Detalles MARC
000 -CABECERA
campo de control de longitud fija 00703nam a2200169 a 4500
001 - NÚMERO DE CONTROL
campo de control 000033294
005 - FECHA Y HORA DE LA ÚLTIMA TRANSACCIÓN
campo de control 20200930070146.0
008 - DATOS DE LONGITUD FIJA--INFORMACIÓN GENERAL
campo de control de longitud fija 110823s1924 dr 000 0 spa d
040 ## - FUENTE DE LA CATALOGACIÓN
Centro catalogador/agencia de origen DO-SdBNP
Lengua de catalogación spa
Centro/agencia transcriptor BNPHU
082 ## - NÚMERO DE LA CLASIFICACIÓN DECIMAL DEWEY
Número de clasificación xxxx
Número de documento/Ítem C129
245 00 - MENCIÓN DE TÍTULO
Título El café /.
260 ## - PUBLICACIÓN, DISTRIBUCIÓN, ETC.
Lugar de publicación, distribución, etc. Santo Domingo :
Nombre del editor, distribuidor, etc. Departamento de Agricultura,
Fecha de publicación, distribución, etc. [1924].
300 ## - DESCRIPCIÓN FÍSICA
Extensión 35 p. ;
Dimensiones 17 cm.
490 1# - MENCIÓN DE SERIE
Mención de serie Vulgarización Agricola
505 0# - NOTA DE CONTENIDO CON FORMATO
Título Cartilla sobre la siembra y cultivo del café /
Mención de responsabilidad Luis Carballo --
Título La poda del café /
Mención de responsabilidad Campos --
Título Efectos de diferentes métodos de transplantar --
-- La poda del café /
Mención de responsabilidad Carlos E. Chardon --
Título El café, preparción para su venta /
Mención de responsabilidad Etienne Becan
830 #0 - PUNTO DE ACCESO ADICIONAL DE SERIE-TÍTULO UNIFORME
Título uniforme Vulgarización Agricola
9 (RLIN) 22107
Existencias
Estado de retiro Estado de pérdida No para préstamo Código de colección Localización permanente Ubicación/localización actual Ubicación en estantería Fecha de adquisición Número de inventario Total de préstamos Signatura topográfica completa Código de barras Fecha visto por última vez Precio válido a partir de Tipo de ítem Koha
    Excluido de préstamo Patrimonio Dominicano Patrimonio Dominicano Patrimonio Dominicano En catalogación 23.08.2011 LF1   xxxx C129 33294-10 25.06.2020 25.06.2020 Libro y Folleto Colección Patrimonio Dominicano

Con tecnología Koha